000 00757nam a2200229 a 4500
001 50275
003 BD-RjUL
005 20211209075502.0
008 800722s1980 cau 001 0 eng
020 _a0875894747
035 _a(BD-RjUL)50395
040 _aBD-RjUL
_cDLC
_dBD-RjUL
_beng
041 _aeng
082 0 0 _a378.73
_219
_bCAR 1980
110 2 _aCarnegie Council on Policy Studies in Higher Education.
_9133278
245 0 4 _aThe Carnegie Council on Policy Studies in Higher Education :
_ba summary of reports and recommendations /
260 _aSan Francisco :
_bJossey-Bass Publishers,
_c1980.
300 _ax, 489 p. ;
_c26 cm.
500 _aIncludes index.
650 0 _aHigher education and State
_zUnited States.
_9150680
942 _2ddc
_cBK
999 _c50275
_d50275